000
00261nam a2200109Ia 4500
008
190912s9999||||xx |||||||||||||| ||und||
100
_a
Rex Gibson
245
0
_a
Shakespeare : Romeo And Juliet
260
_a
UK
_b
Universal Book
_c
1995
300
_a
220
942
_c
BK
999
_c
7220
_d
7220